MARC details
| 000 -BAŞLIK |
| Sabit Uzunlukta Kontrol Alanı |
01199na a2200385 4500 |
| 001 - KONTROL NUMARASI |
| Denetim Alanı |
14638 |
| 003 - KONTROL NUMARASI IDENTIFIER |
| Denetim Alanı |
MIRAKIL |
| 005 - SON İŞLEM TARİHİ VE ZAMANI |
| Denetim Alanı |
20181213155255.0 |
| 008 - SABİT-BOY VERİ ELEMANLARI - GENEL BİLGİLER |
| Sabit Uzunlukta Kontrol Alanı |
161101b tu 000 0 |
| 020 ## - ULUSLARARASI STANDART KİTAP NUMARASI |
| Uluslararası Standart Kitap Numarası |
9786053993612 |
| 035 ## - SİSTEM KONTROL NUMARASI |
| Sistem Kontrol Numarası |
14638 |
| 040 ## - KATALOGLAMA KAYNAK |
| Orijinal Kataloglama Ajansı |
Milas |
| Kataloglama Dili |
tur |
| Metne Dönüştürmek Ajansı |
TR-AnCHP |
| 041 ## - DİL KODU |
| Metin / Ses Parça Veya Ayrı Başlığın Dil Kodu |
tur |
| 082 ## - DEWEY ONLU SINIFLANDIRMA NUMARASI |
| Sınıflandırma Numarası |
956.93 |
| Ürün Numarası |
D29k 2014 |
| 090 ## - SINIFLAMA NUMARASI |
| Sınıflama Numarası |
956.93 D29k 2014 |
| 100 ## - ANA GİRİŞ - KİŞİSEL İSİM |
| Kişisel Ad |
Dayıoğlu, Ali |
| 245 ## - BAŞLIK TABLOSU |
| Başlık |
Kuzey Kıbrıs'ın "ötekileri" |
| Başlığın Kalan |
Rumlar, Maruniler, Romanlar, Aleviler, Kürtler |
| Sorumluluk Tablosu, Vb |
Ali Dayıoğlu |
| 246 ## - UNVAN FORM VARYING |
| Başlık Doğru / Kısa Başlığı |
Rumlar, Maruniler, Romanlar, Aleviler, Kürtler |
| 246 ## - UNVAN FORM VARYING |
| Başlık Doğru / Kısa Başlığı |
Rumlar |
| 246 ## - UNVAN FORM VARYING |
| Başlık Doğru / Kısa Başlığı |
Maruniler |
| 246 ## - UNVAN FORM VARYING |
| Başlık Doğru / Kısa Başlığı |
Romanlar |
| 246 ## - UNVAN FORM VARYING |
| Başlık Doğru / Kısa Başlığı |
Aleviler |
| 246 ## - UNVAN FORM VARYING |
| Başlık Doğru / Kısa Başlığı |
Kürtler |
| 260 ## - YAYIN, DAĞITIM, VB |
| Yayın, Dağıtım, Vb Yeri |
İstanbul |
| Yayıncı, Dağıtıcı, Vs Adı |
İstanbul Bilgi Üniversitesi Yayınları |
| Yayın, Dağıtım, Vb Tarihi |
2014 |
| 300 ## - FİZİKSEL TANIM |
| Kapsam |
150 s. |
| Diğer Fiziksel Ayrıntıları |
fotg. |
| Boyutlar |
23 sm. |
| 490 ## - SERİSİ TABLOSU |
| Seri Beyanı |
İstanbul Bilgi Üniversitesi yayınları |
| Hacim / Ardışık Tanımı |
457 s. |
| 490 ## - SERİSİ TABLOSU |
| Seri Beyanı |
Araştırma |
| Hacim / Ardışık Tanımı |
6 |
| 504 ## - KAYNAKÇA VB NOT |
| Kaynakça Vb Notu |
Kaynakça (137-150 ss.) var. |
| 650 ## - KONU KATMA GİRİŞ - TOPİKAL DÖNEM |
| Topikal Süreli Veya Coğrafi Ad Giriş Elemanı |
Azınlıklar |
| Genel Alt Bölümü |
Hukuksal durum, yasalar vb. |
| Coğrafi Alt Bölümü |
Kıbrıs |
| 650 ## - KONU KATMA GİRİŞ - TOPİKAL DÖNEM |
| Topikal Süreli Veya Coğrafi Ad Giriş Elemanı |
Türkler |
| Genel Alt Bölümü |
Etnik kimlik |
| Coğrafi Alt Bölümü |
Kıbrıs |
| 650 ## - KONU KATMA GİRİŞ - TOPİKAL DÖNEM |
| Topikal Süreli Veya Coğrafi Ad Giriş Elemanı |
Siyaset ve yönetim |
| Coğrafi Alt Bölümü |
KKTC |
| 651 ## - KONU KATMA GİRİŞ - COĞRAFİ ADI |
| Coğrafi İsim |
KKTC |
| Genel Alt Bölümü |
Siyaset ve yönetim |
| 651 ## - KONU KATMA GİRİŞ - COĞRAFİ ADI |
| Coğrafi İsim |
KKTC |
| Genel Alt Bölümü |
Sosyal yaşam |
| 942 ## - EKLENDİ GİRİŞ ELEMANLARI (KOHA) |
| Sınıflandırma Veya Raf Düzeni Kaynak |
|
| Koha Öğesi Türü |
Books |
| 999 ## - SİSTEM KONTROL NUMARALARI (KOHA) |
| Koha Biblionumber |
9752 |
| Koha Biblioitemnumber |
9752 |